Kadra reprezentacji Słowacji na Euro 2024 - Statystyki

Ogólne statystyki
  • Ten quiz został rozwiązany 109 razy
  • Średni wynik to 8 z 26
Statystyki odpowiedzi
Zawodnik Pozycja Klub % Poprawnych
Martin Dúbravka Bramkarz Newcastle United
92%
Milan Škriniar Obrońca PSG
81%
Stanislav Lobotka Pomocnik Napoli
78%
Ondrej Duda Pomocnik Hellas Verona
47%
Marek Rodák Bramkarz Fulham
44%
Lukáš Haraslín Napastnik Sparta Praga
39%
Ivan Schranz Napastnik Slavia Praga
35%
Peter Pekarík Obrońca Hertha
34%
Denis Vavro Obrońca FC Kopenhaga
32%
Dávid Hancko Obrońca Feyenoord
31%
Juraj Kucka Pomocnik Slovan Bratysława
30%
Henirch Ravas Bramkarz New England Revolution
27%
Róbert Bozeník Napastnik Boavista
24%
Norbert Gyömbér Obrońca Salernitana
22%
Tomáš Suslov Napastnik Hellas Verona
18%
Adam Obert Obrońca Cagliari
16%
David Strelec Napastnik Slovan Bratysława
16%
László Bénes Pomocnik Hamburger SV
16%
Dávid Ďuriš Napastnik Ascoli
13%
Leo Sauer Napastnik Feyenoord
13%
Patrik Hrošovský Pomocnik KRC Genk
11%
Matúš Bero Pomocnik VfL Bochum
10%
Tomáš Rigo Pomocnik Banik Ostrawa
10%
Sebastian Kóša Obrońca Spartak Trnava
9%
Vernon De Marco Obrońca Hatta Club
9%
Ľubomír Tupta Napastnik Slovan Liberec
7%
Nie znaleziono quizów pasujących do podanych kryteriów
Rozkład punktacji
Procent ludzi z każdym wynikiem
Percentyl według liczby udzielonych odpowiedzi
Twoja historia wyników
Nie rozwiązałeś tego quizu